[Event "Irish International Open 2019"]
[Site "Dublin"]
[Date "2019.04.20"]
[Round "6.5"]
[White "Menzies, Colin"]
[Black "Thorfinnsson, Bjorn"]
[Result "0-1"]
[WhiteElo "2183"]
[BlackElo "2399"]
[Annotator "NA"]
[PlyCount "34"]
[EventDate "2019.02.28"]
[EventType "swiss"]
[EventCountry "IRL"]
[SourceTitle "playchess.com"]
[Source "ChessBase"]
[SourceQuality "1"]
[TimeControl "5400+30"]

1. Nf3 {[%emt 0:00:00]} d5 {[%emt 0:02:30]} 2. c4 {[%emt 0:00:00]} c6 {[%emt 0:00:05]} 3. g3 {[%emt 0:00:12]} Nf6 {[%emt 0:00:13]} 4. Bg2 {[%emt 0:00:11]} Bf5 {[%emt 0:00:10]} 5. d4 {[%emt 0:01:10]} e6 {[%emt 0:00:17]} 6. Nc3 {[%emt 0:03:13]} h6 {[%emt 0:00:29]} 7. Qb3 {[%emt 0:02:17]} Qb6 {[%emt 0:10:47]} 8. c5 {[%emt 0:00:22]} Qxb3 {[%emt 0:00:07]} 9. axb3 {[%emt 0:00:05]} Na6 {[%emt 0:00:39]} 10. Ne5 {[%emt 0:03:34]} Nc7 {[%emt 0:05:29]} 11. f3 {[%emt 0:13:54]} Nd7 {[%emt 0:03:07]} 12. g4 {[%emt 0:10:34]} Nxe5 {[%emt 0:08:54]} 13. gxf5 {[%emt 0:00:08]} Nd7 {[%emt 0:00:08]} 14. fxe6 {[%emt 0:00:56]} Nxe6 {[%emt 0:00:10]} 15. Ra4 {[%emt 0:01:15]} b5 {[%emt 0:02:23]} 16. cxb6 {[%emt 0:03:08]} Nxb6 {[%emt 0:00:55]} 17. Ra6 {[%emt 0:00:45]} Nxd4 {[%emt 0:00:40]} 0-1

[Event "Irish International Open 2019"]
[Site "Dublin"]
[Date "2019.04.20"]
[Round "6.6"]
[White "Longson, Alexander"]
[Black "Horvath, Gabor"]
[Result "1-0"]
[WhiteElo "2318"]
[BlackElo "2252"]
[Annotator "TA"]
[PlyCount "65"]
[EventDate "2019.02.28"]
[EventType "swiss"]
[EventCountry "IRL"]
[SourceTitle "playchess.com"]
[Source "ChessBase"]
[SourceQuality "1"]

{[%evp 24,119,0,0,0,0,93,83,104,93,95,90,97,91,87,79,243,229,222,72,72,70,69,73,68,70,264,277,260,224,395,391,295,0,270,0,297,293,482,436,436,0,352,166,165,166,166,166,166,166,166,156,166,164,246,189,244,235,352,170,191,175,173,0,0,0,172,169,314,271,256,247,458,434,398,0,400,419,749,664,967,967,1427,920,903,0,1452,1313,1350,1302,1055,885,1405,1370,1673,1700,1928,1249]} 1. e4 e6 2. d4 d5 3. Nd2 Nf6 4. Bd3 c5 5. c3 Nc6 6. Ngf3 cxd4 7. cxd4 dxe4 8. Nxe4 Bb4+ 9. Nc3 O-O 10. O-O Be7 11. Re1 b6 12. a3 Bb7 13. Bc2 Rc8 {E57: Nimzo-Indian: Rubinstein: Main Line: 7...Nc6 8 a3 dxc4 9 Bxc4 cxd4} 14. Qd3 Re8 {[#]} (14... g6 $11) 15. d5 $1 $16 {[%mdl 512]} exd5 {White is better.} 16. Bg5 Ne4 17. Nxe4 dxe4 18. Qxe4 g6 19. Qh4 {Black must now prevent Bb3!} Bxg5 $2 (19... Qd7 $16) 20. Nxg5 $18 h5 {[#] Threatens to win with ...Rxe1+.} 21. Bxg6 $146 (21. Qf4 $18 {and the rest is easy.} Rxe1+ 22. Rxe1) ({Predecessor:} 21. Qf4) 21... fxg6 $16 22. Qc4+ Kg7 23. Qf7+ $40 {[%mdl 128] White is out for blood.} Kh6 {Strongly threatening ...Rxe1+.} 24. h4 $1 {[%csl Gg5][%cal Rf7h7]} Rxe1+ $2 ({Better is} 24... Re7 $1 $14) 25. Rxe1 $18 {[%csl Gg5][%cal Rf7h7]} Qc7 {aiming for ...Qxf7.} (25... Rc7 $2 26. Qf4 $18) 26. Qf6 Rg8 $2 (26... Qg7 27. Qf4 Rf8) 27. Nf7+ Kh7 28. Ng5+ Kh6 29. Nf7+ Kh7 30. Re6 ({Not} 30. Ng5+ Kh6 $16) 30... Qd7 $2 (30... a5 31. Ne5 (31. Ng5+ Kh6 $18) 31... Qg7 32. Nxc6 Qxf6 33. Rxf6 Kg7) 31. Ng5+ Kh6 32. Nf7+ Kh7 {[#] intending ...Rg7.} 33. Rd6 {Played: Nf7-e5} 1-0

[Event "Irish International Open 2019"]
[Site "Dublin"]
[Date "2019.04.20"]
[Round "6.7"]
[White "Jackson, James P"]
[Black "De Verdier, Michael"]
[Result "1/2-1/2"]
[WhiteElo "2388"]
[BlackElo "2306"]
[Annotator "NA"]
[PlyCount "30"]
[EventDate "2019.02.28"]
[EventType "swiss"]
[EventCountry "IRL"]
[SourceTitle "playchess.com"]
[Source "ChessBase"]
[SourceQuality "1"]
[TimeControl "5400+30"]

1. e4 {[%emt 0:00:00]} e6 {[%emt 0:00:00]} 2. d4 {[%emt 0:00:00]} d5 {[%emt 0:00:00]} 3. Nc3 {[%emt 0:00:00]} Nf6 {[%emt 0:00:00]} 4. e5 {[%emt 0:00:00]} Nfd7 {[%emt 0:00:00]} 5. f4 {[%emt 0:00:00]} c5 {[%emt 0:00:09]} 6. Nf3 {[%emt 0:00:00]} Qb6 {[%emt 0:00:49]} 7. Be3 {[%emt 0:20:02]} a6 {[%emt 0:00:46]} 8. Na4 {[%emt 0:24:55]} Qa5+ {[%emt 0:00:06]} 9. c3 {[%emt 0:00:04]} cxd4 {[%emt 0:00:06]} 10. b4 {[%emt 0:00:04]} Qc7 {[%emt 0:00:05]} 11. Bxd4 {[%emt 0:00:22]} Nc6 {[%emt 0:01:36]} 12. Be3 {[%emt 0:14:34]} Be7 {[%emt 0:03:37]} 13. Bd3 {[%emt 0:02:53]} O-O {[%emt 0:05:04]} 14. O-O {[%emt 0:02:25]} b5 {[%emt 0:12:58]} 15. Nb2 {[%emt 0:00:05]} Nb6 {[%emt 0:01:03]} 1/2-1/2

[Event "Irish International Open 2019"]
[Site "Dublin"]
[Date "2019.04.20"]
[Round "6.8"]
[White "Moran, Stephen"]
[Black "Hovhannisyan, Mher"]
[Result "0-1"]
[WhiteElo "2165"]
[BlackElo "2462"]
[Annotator "TA"]
[PlyCount "88"]
[EventDate "2019.02.28"]
[EventType "swiss"]
[EventCountry "IRL"]
[SourceTitle "playchess.com"]
[Source "ChessBase"]
[SourceQuality "1"]

{[%evp 14,109,36,39,62,54,58,27,47,45,51,43,52,53,55,45,95,14,27,0,10,0,0,-1,0,-8,-10,-9,0,-19,-31,-31,-24,-37,-8,-33,-35,-80,-80,-80,-80,-80,-40,-88,-92,-85,-50,-54,-50,-59,-25,-47,-41,-39,-36,-37,-39,-70,-66,-107,-94,-89,-45,-33,-44,-45,-49,-89,-89,-96,-96,-116,-96,-96,-87,-89,-77,-92,-72,-96,-96,-154,-7,0,-2,-266,-262,-238,-180,-180,-180,-180,-180,-180,-170,-207,-207,-29999]} 1. d4 d5 2. c4 c6 3. Nf3 Nf6 4. Nc3 a6 5. c5 g6 6. h3 Bg7 7. Bf4 Nbd7 8. e3 b6 {D15: Slav Defence: 4 Nc3 a6 and gambit lines after 4 Nc3 dxc4} 9. cxb6 Qxb6 10. Qd2 (10. Be2 Qxb2 11. Rc1 Qb7 12. O-O Qa7 13. Qa4 O-O 14. Qxc6 Bb7 15. Qa4 Rfc8 16. Ne5 Nxe5 17. dxe5 {1-0 (41) Timman,J (2586)-Almasi,Z (2717) Paks 2010}) 10... c5 $146 {White has an edge.} ({Predecessor:} 10... a5 11. Bd3 Ba6 12. O-O Bxd3 13. Qxd3 a4 14. Rab1 O-O 15. b3 axb3 16. Rxb3 {1-0 (39) Hort,V (2545)-Siegel,G (2285) Switzerland 1993}) 11. Bd3 cxd4 12. exd4 Bb7 13. O-O Ne4 14. Qe2 {[%cal Rc3e4]} Ndf6 15. Be5 (15. Na4 $16 Qe6 16. b4) 15... O-O $11 16. Rfc1 Rfc8 17. Na4 Qa5 $36 {[%mdl 2048] Black is pushing.} 18. Qd1 Bc6 $1 {[%cal Rc6a4]} 19. Nc5 Bh6 20. Rc2 Nxc5 21. Rxc5 (21. dxc5 {is interesting.} Ne4 22. a3 Ba4 23. b4 Qd8 24. Qe2) 21... Qb6 22. Bxf6 exf6 23. Qb3 Qd8 24. Re1 Bf8 25. Rcc1 Rab8 26. Qc2 Bh6 27. Rb1 Qa5 28. a3 Ba4 29. Qe2 Re8 (29... Qb6 {with more complications.} 30. Qf1 a5 31. Re2 Bf8 32. Rc1 Re8) 30. Qf1 Rxe1 31. Qxe1 Qb6 32. b4 Rc8 33. Qe2 Bb5 34. Bxb5 axb5 35. Qa2 Qc6 36. a4 bxa4 {aiming for ...Qb5.} 37. b5 Qc2 38. Qxc2 Rxc2 $15 {[%mdl 4096] Endgame KRB-KRN} 39. b6 {Threatens to win with b7.} Bf4 {And now ...a3 would win.} 40. g3 Bb8 $1 41. Rb5 a3 {[%cal Ba4a3,Ba3a2][%mdl 32]} 42. Kg2 a2 43. Ra5 Kg7 44. b7 h5 {Played: Rc2-b2} 0-1

[Event "Irish International Open 2019"]
[Site "Dublin"]
[Date "2019.04.20"]
[Round "6.9"]
[White "Melaugh, Shane"]
[Black "Li, Henry"]
[Result "0-1"]
[WhiteElo "2105"]
[BlackElo "2308"]
[Annotator "ChessBase"]
[PlyCount "52"]
[EventDate "2019.02.28"]
[EventType "swiss"]
[EventCountry "IRL"]
[SourceTitle "playchess.com"]
[Source "ChessBase"]
[SourceQuality "1"]
[TimeControl "5400+30"]

1. d4 {[%emt 0:00:35]} Nf6 {[%emt 0:00:00]} 2. Nc3 {[%emt 0:03:59]} d5 {[%emt 1:31:00]} 3. Bf4 {[%emt 0:00:06]} g6 {[%emt 0:00:00]} 4. Qd2 {[%emt 0:00:57]} Bg7 {[%emt 0:00:00]} 5. Bh6 {[%emt 0:00:25]} O-O {[%emt 0:00:00]} 6. Bxg7 {[%emt 0:00:05]} Kxg7 {[%emt 0:00:00]} 7. f3 {[%emt 0:00:15]} c6 {[%emt 0:00:00]} 8. h4 {[%emt 0:03:49]} Nbd7 {[%emt 0:00:00]} 9. g4 {[%emt 0:03:19]} e5 {[%emt 0:00:00]} 10. dxe5 {[%emt 0:01:24]} Nxe5 {[%emt 0:00:00]} 11. Qd4 {[%emt 0:00:34]} Qc7 {[%emt 0:00:00]} 12. O-O-O {[%emt 0:01:21]} Re8 {[%emt 0:00:00]} 13. e4 {[%emt 0:03:56]} Be6 {[%emt 0:00:00]} 14. Kb1 {[%emt 0:40:51]} Rad8 {[%emt 0:00:00]} 15. g5 {[%emt 0:06:34]} Nh5 {[%emt 0:00:00]} 16. exd5 {[%emt 0:05:53]} Bxd5 {[%emt 0:00:00]} 17. Qf2 {[%emt 0:00:07]} Qa5 {[%emt 0:00:00]} 18. Nxd5 {[%emt 0:01:41]} Rxd5 {[%emt 0:00:00]} 19. Rxd5 {[%emt 0:00:58]} Qxd5 {[%emt 0:00:00]} 20. Be2 {[%emt 0:01:25]} Nf4 {[%emt 0:00:00]} 21. Rh2 {[%emt 0:00:35]} Nc4 {[%emt 0:00:00]} 22. a3 {[%emt 0:01:04]} Ne3 {[%emt 0:00:00]} 23. Qe1 {[%emt 0:02:23]} Qd4 {[%emt 0:00:00]} 24. Nh3 {[%emt 0:03:07]} Nxc2 {[%emt 0:00:00]} 25. Kxc2 {[%emt 0:02:05]} Rxe2+ {[%emt 0:00:00]} 26. Rxe2 {[%emt 0:00:13]} Qd3+ {[%emt 0:00:00]} 0-1

[Event "Irish International Open 2019"]
[Site "Dublin"]
[Date "2019.04.20"]
[Round "6.10"]
[White "Brady, Stephen"]
[Black "Murray, David"]
[Result "1-0"]
[WhiteElo "2301"]
[BlackElo "2152"]
[Annotator "ChessBase"]
[PlyCount "47"]
[EventDate "2019.02.28"]
[EventType "swiss"]
[EventCountry "IRL"]
[SourceTitle "playchess.com"]
[Source "ChessBase"]
[SourceQuality "1"]
[TimeControl "5400+30"]

1. b3 {[%emt 0:00:06]} e5 {[%emt 0:00:05]} 2. Bb2 {[%emt 0:00:06]} d6 {[%emt 0:00:57]} 3. e3 {[%emt 0:00:07]} Nf6 {[%emt 0:00:14]} 4. d4 {[%emt 0:00:16]} Nbd7 {[%emt 0:01:17]} 5. Nf3 {[%emt 0:02:37]} exd4 {[%emt 0:02:35]} 6. exd4 {[%emt 0:01:59]} d5 {[%emt 0:02:05]} 7. Bd3 {[%emt 0:00:23]} Bb4+ {[%emt 1:26:17]} 8. c3 {[%emt 0:00:47]} Bd6 {[%emt 0:00:00]} 9. O-O {[%emt 0:00:32]} O-O {[%emt 0:00:00]} 10. c4 {[%emt 0:01:16]} c5 {[%emt 0:00:00]} 11. Nc3 {[%emt 0:01:04]} dxc4 {[%emt 0:00:00]} 12. Bxc4 {[%emt 0:02:41]} Nb6 {[%emt 0:00:00]} 13. Be2 {[%emt 0:03:14]} Nbd5 {[%emt 0:00:00]} 14. Nxd5 {[%emt 0:16:01]} Nxd5 {[%emt 0:00:00]} 15. dxc5 {[%emt 0:00:07]} Bxc5 {[%emt 0:00:00]} 16. Qc2 {[%emt 0:00:39]} Be7 {[%emt 0:00:00]} 17. Rad1 {[%emt 0:09:40]} Qc7 {[%emt 0:00:00]} 18. Bc4 {[%emt 0:01:14]} Rd8 {[%emt 0:00:00]} 19. Rfe1 {[%emt 0:08:02]} Be6 {[%emt 0:00:00]} 20. Nd4 {[%emt 0:02:24]} Rac8 {[%emt 0:00:00]} 21. Rxe6 {[%emt 0:08:23]} fxe6 {[%emt 0:00:00]} 22. Nxe6 {[%emt 0:00:21]} Qd7 {[%emt 0:00:00]} 23. Nxd8 {[%emt 0:01:02]} b5 {[%emt 0:00:00]} 24. Rxd5 {[%emt 0:01:02]} 1-0

[Event "Irish International Open 2019"]
[Site "Dublin"]
[Date "2019.04.20"]
[Round "6.11"]
[White "Thorarinsson, Pall A."]
[Black "Doyle, Hugh"]
[Result "1/2-1/2"]
[WhiteElo "2246"]
[BlackElo "2042"]
[Annotator "TA"]
[PlyCount "110"]
[EventDate "2019.02.28"]
[EventType "swiss"]
[EventCountry "IRL"]
[SourceTitle "playchess.com"]
[Source "ChessBase"]
[SourceQuality "1"]

{[%evp 14,110,0,0,0,0,21,0,5,0,0,0,0,15,20,14,0,-6,0,0,2,-16,-10,-10,-5,0,-9,-9,9,12,12,8,8,8,9,10,9,14,8,-8,0,-7,0,0,0,0,0,0,0,0,0,0,0,0,0,0,0,0,0,0,0,0,0,0,0,0,0,0,0,0,0,0,0,0,0,0,0,0,0,0,0,0,0,0,0,0,0,0,0,0,0,0,0,0,0,0,0,0,0]} 1. Nf3 g6 2. c4 Bg7 3. Nc3 e5 4. g3 Ne7 5. Bg2 c5 6. O-O Nbc6 7. a3 d6 8. Rb1 {The position is equal.} a5 {A37: Symmetrical English vs ...g6: 4 Bg2 Bg7 5 Nf3} 9. d3 Rb8 (9... O-O 10. Bd2 Be6 11. Na4 h6 12. Ne1 Rb8 13. b4 axb4 14. axb4 cxb4 15. Nc2 b5 16. cxb5 Rxb5 17. Nxb4 Nxb4 18. Bxb4 Qd7 19. Nc3 Rb6 20. Qa4 Qxa4 21. Nxa4 Ra6 22. Nc3 Rb8 {½-½ (22) Pantsulaia,L (2593)-Moiseenko,A (2659) Batumi 2018}) 10. Bg5 f6 11. Bd2 Be6 12. Ne1 O-O 13. Nc2 d5 14. cxd5 Nxd5 15. Nxd5 Bxd5 16. Bxd5+ Qxd5 17. Ne3 Qe6 18. Nc4 $146 ({Predecessor:} 18. Re1 Rfd8 19. Qc2 b6 20. Qc4 Qxc4 21. Nxc4 {½-½ (32) Kiraly,I (2107)-Doknjas,J (2131) Windsor 2016}) 18... b6 19. b4 axb4 20. axb4 e4 21. Bf4 Rbd8 22. bxc5 exd3 23. exd3 bxc5 24. Rb6 {[#] aiming for Na5!} Qd5 25. Ne3 Qd7 $1 {And now ...g5 would win.} 26. Nc4 Qd5 27. Be3 Nb4 28. Qb3 Qxd3 29. Qxd3 Nxd3 30. Rd1 f5 31. Rb3 Ne5 32. Rxd8 Rxd8 33. Nxe5 Bxe5 34. Bxc5 $11 {[%mdl 4096] Endgame KRB-KRB} Rd7 35. Kg2 Kf7 36. Rb6 Bf6 37. Be3 Kg7 38. h4 Bd4 39. Bxd4+ Rxd4 {KR-KR} 40. Rb7+ Kg8 41. Kf3 Ra4 42. h5 gxh5 43. Rb5 h4 44. gxh4 Rxh4 45. Rxf5 Ra4 46. Kg3 Kg7 47. f4 Kg6 (47... Ra3+ {seems wilder.} 48. Kg4 Ra7 49. Rd5 Ra6 50. Rd7+ Kh6) 48. Rg5+ Kf6 49. Rb5 Ra7 50. Rb6+ Kf5 51. Rb5+ Kf6 52. Kg4 Rg7+ 53. Kf3 Re7 54. Rb6+ Kf5 55. Rb5+ Kf6 {Accuracy: White = 80%, Black = 80%.} 1/2-1/2

[Event "Irish International Open 2019"]
[Site "Dublin"]
[Date "2019.04.20"]
[Round "6.12"]
[White "McMorrow, John"]
[Black "Schut, Han"]
[Result "1/2-1/2"]
[WhiteElo "2058"]
[BlackElo "2173"]
[Annotator "NA"]
[PlyCount "26"]
[EventDate "2019.02.28"]
[EventType "swiss"]
[EventCountry "IRL"]
[SourceTitle "playchess.com"]
[Source "ChessBase"]
[SourceQuality "1"]
[TimeControl "5400+30"]

1. e4 {[%emt 0:11:11]} c5 {[%emt 0:00:00]} 2. Nf3 {[%emt 0:00:12]} d6 {[%emt 0:00:00]} 3. d4 {[%emt 0:00:03]} cxd4 {[%emt 0:00:00]} 4. Nxd4 {[%emt 0:00:04]} Nf6 {[%emt 0:00:00]} 5. Nc3 {[%emt 0:00:03]} a6 {[%emt 0:00:00]} 6. Be3 {[%emt 0:00:05]} e5 {[%emt 0:00:03]} 7. Nb3 {[%emt 0:00:04]} Be6 {[%emt 0:00:05]} 8. f3 {[%emt 0:00:13]} Nbd7 {[%emt 0:00:10]} 9. Qd2 {[%emt 0:00:30]} b5 {[%emt 0:00:13]} 10. g4 {[%emt 0:00:58]} b4 {[%emt 0:00:48]} 11. Nd5 {[%emt 0:14:08]} Bxd5 {[%emt 0:07:39]} 12. exd5 {[%emt 0:06:51]} Nb6 {[%emt 0:00:10]} 13. O-O-O {[%emt 0:01:03]} Nfxd5 {[%emt 0:06:48]} 1/2-1/2

[Event "Irish International Open 2019"]
[Site "Dublin"]
[Date "2019.04.20"]
[Round "6.13"]
[White "Flynn, Jacob"]
[Black "Epishin, Vladimir"]
[Result "0-1"]
[WhiteElo "2011"]
[BlackElo "2568"]
[Annotator "TA"]
[PlyCount "164"]
[EventDate "2019.02.28"]
[EventType "swiss"]
[EventCountry "IRL"]
[SourceTitle "playchess.com"]
[Source "ChessBase"]
[SourceQuality "1"]

{[%evp 14,164,9,0,14,7,26,-16,31,30,40,25,37,31,22,3,16,8,21,16,18,15,24,19,22,21,24,7,37,0,14,0,0,0,0,-16,0,-17,-10,-21,-20,-37,-20,-35,-11,-66,-66,-68,-66,-66,-64,-62,-58,-58,-58,-58,-57,-57,-29,-24,-9,-9,-9,-9,-9,-13,-13,-13,-11,-57,-37,-57,-41,-47,0,-17,-16,-55,-55,-47,-31,-31,-31,-31,-31,-31,-31,-66,-46,-46,-46,-46,-45,-41,-36,-59,-59,-59,-46,-46,-46,-46,-46,-62,-62,-62,-62,-62,-62,-62,-62,-62,-62,-62,-62,-62,-62,-112,-112,-114,-115,-136,-74,-4133,-2704,-29976,-29977,-29977,-29977,-29978,-29979,-29979,-29980,-29980,-29978,-29980,-29980,-29980,-29981,-29981,-29982,-29982,-29982,-29984,-29985,-29985,-29986,-29986,-29987,-29987,-29988,-29990,-29989]} 1. c4 e6 2. Nf3 Nf6 3. g3 b6 4. Bg2 Bb7 5. O-O Be7 6. b3 O-O 7. Bb2 d5 8. Ne5 Nfd7 {A14: English Opening: 1...e6 with b3 by White} (8... Qc8 9. d3 c5 10. cxd5 Nxd5 11. Nd2 Nc6 12. Nxc6 Bxc6 13. Nc4 {½-½ (13) Antal,G (2523)-Maiorov,N (2547) Aschach 2017}) 9. Nxd7 Qxd7 $146 ({Predecessor:} 9... Nxd7 10. Nc3 Nf6 11. d4 Qd7 12. Qc2 Rac8 13. Rad1 Rfd8 14. Qb1 Ba6 15. cxd5 exd5 16. a3 {½-½ (33) Magalashvili,D (2395)-Porat,D (2323) Urgup 2004}) 10. e3 Re8 {The position is equal.} 11. Qg4 {[%csl Gb2][%cal Rg4g7]} Bf8 12. cxd5 (12. d4 {looks sharper.} f5 13. Qe2 c6 14. Nd2 Qf7 15. Nf3) 12... exd5 13. Qxd7 Nxd7 14. Nc3 c6 15. d4 g6 16. Rac1 Rad8 17. Rfd1 f5 18. Ne2 Bd6 19. Nf4 Bxf4 20. gxf4 Kf7 21. Bf3 Re6 22. Ba3 Nf6 23. h3 Ba6 24. Rc3 Ke8 25. Kh2 Kd7 26. Rg1 Bb5 27. Rgc1 a5 {[%cal Ba7a5,Ba5a4][%mdl 32]} 28. Bb2 a4 29. b4 ({White should play} 29. bxa4 $11 Bxa4 30. Ra3) 29... Rg8 30. h4 h6 31. Rg1 Re7 32. Rg3 Rh7 33. Kg2 Rhg7 34. Rc1 Bd3 35. Kh2 Kc7 36. Rcg1 Kb7 37. Bd1 b5 38. a3 Kc7 39. Bf3 Kd6 40. Bc1 Ke6 41. Bd2 Nh7 42. Rh3 Kf7 43. Rhg3 Nf8 44. Rc1 Bc4 45. Rcg1 Ne6 46. Bd1 g5 47. Bc2 gxf4 48. Rxg7+ Nxg7 49. Bd1 Re8 50. Bf3 Bd3 51. exf4 Be2 52. Bg2 Nh5 53. Re1 Nf6 54. f3 Nd7 55. Kg1 Nb6 56. Kf2 Bd3 57. Rxe8 Kxe8 $15 {[%mdl 4096] Endgame KBB-KBN} 58. Bc1 Nc4 59. Kg3 Kf7 60. Bh3 Kg6 61. Bg2 Kh5 62. Kh3 Nb6 63. Be3 Nc8 64. Bf2 Ne7 65. Bg3 Ng6 66. Kh2 Nxh4 67. Bxh4 Kxh4 $17 {KB-KB} 68. Bh1 $2 {[%mdl 8192]} (68. Bh3 $17) 68... Bf1 $1 $19 {[%cal Rf1h3]} 69. Bg2 {[#]} Bxg2 $1 {Black mates.} 70. Kxg2 {[#] KP-KP} Kh5 $1 {[%cal Rh5g6]} 71. Kh3 Kg6 72. Kh4 Kf6 73. Kh5 Kg7 74. Kh4 Kg6 75. Kg3 Kf6 76. Kh4 Ke6 77. Kh5 {[#]} c5 $1 {[%mdl 576] Promotion} 78. dxc5 (78. bxc5 b4) 78... d4 79. c6 d3 80. Kg6 d2 81. c7 Kd7 82. c8=N Kxc8 {Accuracy: White = 57%, Black = 63%.} 0-1

[Event "Irish International Open 2019"]
[Site "Dublin"]
[Date "2019.04.20"]
[Round "6.14"]
[White "Mulligan, Scott"]
[Black "Fitzsimons, David"]
[Result "0-1"]
[WhiteElo "2006"]
[BlackElo "2299"]
[Annotator "ChessBase"]
[PlyCount "74"]
[EventDate "2019.02.28"]
[EventType "swiss"]
[EventCountry "IRL"]
[SourceTitle "playchess.com"]
[Source "ChessBase"]
[SourceQuality "1"]
[TimeControl "5400+30"]

1. e4 {[%emt 0:00:00]} g6 {[%emt 0:00:00]} 2. c4 {[%emt 0:00:38]} Bg7 {[%emt 0:00:00]} 3. d4 {[%emt 0:00:55]} Nc6 {[%emt 0:00:25]} 4. Nf3 {[%emt 0:06:29]} d6 {[%emt 0:00:30]} 5. d5 {[%emt 0:09:18]} Ne5 {[%emt 0:00:21]} 6. Nxe5 {[%emt 0:02:20]} Bxe5 {[%emt 0:00:07]} 7. Qc2 {[%emt 0:02:12]} c5 {[%emt 0:01:13]} 8. Bd2 {[%emt 0:01:27]} Bg7 {[%emt 0:01:35]} 9. Bc3 {[%emt 0:01:10]} Nf6 {[%emt 0:00:56]} 10. Bd3 {[%emt 0:02:59]} O-O {[%emt 0:00:32]} 11. O-O {[%emt 0:00:11]} e5 {[%emt 0:03:05]} 12. dxe6 {[%emt 0:07:21]} fxe6 {[%emt 0:02:24]} 13. e5 {[%emt 0:05:26]} Ng4 {[%emt 0:01:05]} 14. exd6 {[%emt 0:01:01]} Qxd6 {[%emt 0:00:19]} 15. g3 {[%emt 0:01:22]} Bh6 {[%emt 0:14:40]} 16. Bxg6 {[%emt 0:10:21]} e5 {[%emt 0:00:22]} 17. Bxh7+ {[%emt 0:00:04]} Kh8 {[%emt 0:00:07]} 18. Qg6 {[%emt 0:06:48]} Qe7 {[%emt 0:00:36]} 19. h3 {[%emt 0:02:07]} Qxh7 {[%emt 0:02:23]} 20. Qxh7+ {[%emt 0:02:01]} Kxh7 {[%emt 0:00:06]} 21. hxg4 {[%emt 0:00:08]} Bxg4 {[%emt 0:00:18]} 22. f4 {[%emt 0:09:04]} exf4 {[%emt 0:00:56]} 23. gxf4 {[%emt 0:00:07]} Bxf4 {[%emt 0:00:42]} 24. Nd2 {[%emt 0:02:47]} Be2 {[%emt 0:02:19]} 25. Rfe1 {[%emt 0:00:37]} Be3+ {[%emt 0:03:04]} 26. Kg2 {[%emt 0:07:23]} Rf2+ {[%emt 0:00:15]} 27. Kh3 {[%emt 0:00:19]} Bf4 {[%emt 0:00:45]} 28. Rh1 {[%emt 0:00:42]} Re8 {[%emt 0:04:49]} 29. Rag1 {[%emt 0:01:58]} Kh6 {[%emt 0:03:19]} 30. Nf1 {[%emt 0:03:38]} Re4 {[%emt 0:04:43]} 31. Ng3 {[%emt 0:02:54]} Re3 {[%emt 0:03:22]} 32. Rh2 {[%emt 0:05:12]} Rxh2+ {[%emt 0:00:19]} 33. Kxh2 {[%emt 0:00:01]} Bxc4 {[%emt 0:00:16]} 34. a3 {[%emt 0:00:50]} Kg5 {[%emt 0:01:09]} 35. Bd2 {[%emt 0:02:21]} Re2+ {[%emt 0:00:30]} 36. Rg2 {[%emt 0:00:20]} Rxg2+ {[%emt 0:00:05]} 37. Kxg2 {[%emt 0:00:03]} Bd5+ {[%emt 0:00:08]} 0-1

[Event "Irish International Open 2019"]
[Site "Dublin"]
[Date "2019.04.20"]
[Round "6.15"]
[White "Mihalik, Agoston"]
[Black "Schmitz, Andreas Arnold"]
[Result "1-0"]
[WhiteElo "2203"]
[BlackElo "2003"]
[Annotator "NA"]
[PlyCount "45"]
[EventDate "2019.02.28"]
[EventType "swiss"]
[EventCountry "IRL"]
[SourceTitle "playchess.com"]
[Source "ChessBase"]
[SourceQuality "1"]
[TimeControl "5400+30"]

1. e4 {[%emt 1:30:30]} e6 {[%emt 1:30:30]} 2. d4 {[%emt 0:00:30]} d5 {[%emt 0:00:30]} 3. Nd2 {[%emt 0:00:30]} Nf6 {[%emt 0:00:30]} 4. e5 {[%emt 0:00:30]} Nfd7 {[%emt 0:00:30]} 5. c3 {[%emt 0:00:30]} c5 {[%emt 0:00:30]} 6. Bd3 {[%emt 0:00:30]} Nc6 {[%emt 0:00:30]} 7. Ne2 {[%emt 0:00:30]} Qb6 {[%emt 0:00:30]} 8. Nf3 {[%emt 0:00:30]} f6 {[%emt 0:00:30]} 9. exf6 {[%emt 0:00:30]} Nxf6 {[%emt 0:00:30]} 10. O-O {[%emt 0:00:30]} cxd4 {[%emt 0:00:30]} 11. cxd4 {[%emt 0:00:30]} Bd6 {[%emt 0:00:30]} 12. Bf4 {[%emt 0:00:30]} Bxf4 {[%emt 0:00:30]} 13. Nxf4 {[%emt 0:00:30]} O-O {[%emt 0:00:30]} 14. Qd2 {[%emt 0:00:30]} Ne4 {[%emt 0:00:30]} 15. Qe3 {[%emt 0:00:30]} Nxd4 {[%emt 0:00:30]} 16. Nxd4 {[%emt 0:00:30]} e5 {[%emt 0:00:30]} 17. Nxd5 {[%emt 0:00:30]} exd4 {[%emt 0:00:30]} 18. Qxe4 {[%emt 0:00:30]} Qh6 {[%emt 0:00:30]} 19. Ne7+ {[%emt 0:00:30]} Kh8 {[%emt 0:00:30]} 20. Nxc8 {[%emt 0:00:30]} Raxc8 {[%emt 0:00:30]} 21. Qxb7 {[%emt 0:00:30]} Rc5 {[%emt 0:00:30]} 22. Qe7 {[%emt 0:00:30]} Rfc8 {[%emt 0:00:30]} 23. Rfe1 {[%emt 0:00:30]} 1-0